| 000 | 00481pab a2200157 454500 | ||
|---|---|---|---|
| 008 | 180718b2002 xxu||||| |||| 00| 0 eng d | ||
| 100 | _aDrummond, Mark | ||
| 245 | _aCosting constitutional change: estimating the costs of five variations on Australia's federal system | ||
| 260 | _c2002 | ||
| 300 | _ap.43-56. | ||
| 362 | _aDec | ||
| 650 | _aLocal government - Australia | ||
| 650 | _aLocal government | ||
| 773 | _aAustralian Journal of Public Administration | ||
| 909 | _a54844 | ||
| 999 |
_c54844 _d54844 |
||